| 000 | 00454cam a2200181ua 4500 | ||
|---|---|---|---|
| 020 | _c12.50 | ||
| 041 |
_aeng _h |
||
| 082 |
_a515.9 _bSHA/TH |
||
| 100 | _aShanti , Shanti . | ||
| 245 |
_aTheory of functions of a complex variable / _cShanti Narayan. _hTextual Documents |
||
| 250 |
_a3 / _b. |
||
| 260 |
_aNew Delhi : _bS.Chand and Co , _c1962. |
||
| 300 | _a379 ; . | ||
| 365 | _a12.50 | ||
| 504 | _a | ||
| 942 | _cBK | ||
| 999 |
_c2938 _d2938 |
||